[Event "U-DM U14 2020"]
[Site "Odense"]
[Date "2020.11.21"]
[Round "3"]
[White "Skaelbaek, Noah"]
[Black "Wehding, Anton Bonsvig"]
[Result "0-1"]
[WhiteElo "1466"]
[BlackElo "1390"]
[PlyCount "130"]
[EventDate "2020.11.??"]
[EventType "swiss"]
[EventRounds "5"]
[EventCountry "DEN"]

1. e4 c5 2. Nf3 Nc6 3. d4 cxd4 4. Nxd4 e5 5. Nb5 d6 6. N1c3 Nf6 7. Bg5 a6 8.
Bxf6 gxf6 9. Na3 b5 10. Nd5 Bg7 11. Be2 f5 12. Bf3 O-O 13. c3 Kh8 14. exf5 Bxf5
15. Ne3 e4 16. Nxf5 exf3 17. Qxf3 Ne5 18. Qd5 Qf6 19. Nxg7 Kxg7 20. O-O-O Rfd8
21. Kb1 Qxf2 22. Rhf1 Qc5 23. Qe4 Qc6 24. Qf5 Qd7 25. Qf6+ Kg8 26. Nc2 Qe6 27.
Qf4 Qg4 28. Qf2 Qg6 29. Ka1 Ng4 30. Qg3 Nxh2 31. Qxh2 Qxc2 32. Qh5 Qg6 33. Qh4
Re8 34. Rf3 Kh8 35. Rh1 Re4 36. Qf6+ Qxf6 37. Rxf6 Rae8 38. Rxd6 Re1+ 39. Rd1
Rxh1 40. Rxh1 Re2 41. Rg1 Kg7 42. b3 Rc2 43. g4 Rxc3 44. Kb2 b4 45. a3 a5 46.
g5 Rc5 47. axb4 axb4 48. Rg4 Rb5 49. Kc2 Kg6 50. Kd3 Rxg5 51. Rxb4 h5 52. Ke3
Rg3+ 53. Kf2 h4 54. Rxh4 Rxb3 55. Ra4 f5 56. Ra5 Kg5 57. Ra8 Kg4 58. Ra2 f4 59.
Rc2 Rh3 60. Rc4 Rh2+ 61. Kg1 Rb2 62. Ra4 Kg3 63. Ra3+ f3 64. Ra1 Rg2+ 65. Kh1
Rh2+ 0-1

[Event "U-DM U14 2020"]
[Site "Odense"]
[Date "2020.11.21"]
[Round "3"]
[White "Skow, Mathias Waldemar Be"]
[Black "Nielsen Refs, Karl Emil Elmer"]
[Result "0-1"]
[WhiteElo "1275"]
[BlackElo "1525"]
[PlyCount "118"]
[EventDate "2020.11.??"]
[EventType "swiss"]
[EventRounds "5"]
[EventCountry "DEN"]

1. d4 Nf6 2. c4 g6 3. Nc3 Bg7 4. e4 d6 5. f3 O-O 6. Be3 Nbd7 7. Bd3 e5 8. d5
Ne8 9. Nge2 f5 10. b4 f4 11. Bf2 g5 12. c5 Ndf6 13. a4 g4 14. c6 bxc6 15. dxc6
d5 16. Qb3 Be6 17. Rd1 Bf7 18. exd5 Nxd5 19. Nxd5 Bxd5 20. Qxd5+ Qxd5 21. Bxh7+
Kxh7 22. Rxd5 gxf3 23. gxf3 Nd6 24. Bc5 Rfd8 25. O-O Nf7 26. Rfd1 a6 27. Nc3
Bf8 28. Bxf8 Rxf8 29. Rd7 Rac8 30. Ne4 Kh6 31. Nc5 Ng5 32. Kf2 Rh8 33. Nxa6
Nh3+ 34. Ke2 Rhg8 35. Rxc7 Rg2+ 36. Ke1 Rxc7 37. Nxc7 e4 38. fxe4 f3 39. Nd5
f2+ 40. Kf1 Rg1+ 41. Ke2 Rxd1 42. Kxd1 f1=Q+ 43. Kd2 Nf4 44. c7 Qe2+ 45. Kc3
Nxd5+ 46. exd5 Qe5+ 47. Kc4 Qxc7+ 48. Kd4 Kg5 49. a5 Kf6 50. h4 Ke7 51. h5 Kd6
52. h6 Qh7 53. a6 Qxh6 54. a7 Qd2+ 55. Kc4 Qxd5+ 56. Kc3 Qa8 57. b5 Qxa7 58.
Kb3 Qa5 59. Kc4 Qa4+ 0-1

[Event "U-DM U14 2020"]
[Site "Odense"]
[Date "2020.11.21"]
[Round "3"]
[White "Voldsgaard, Nicholas"]
[Black "Nielsen, Maja Merete F"]
[Result "1-0"]
[WhiteElo "1032"]
[BlackElo "1000"]
[PlyCount "55"]
[EventDate "2020.11.??"]
[EventType "swiss"]
[EventRounds "5"]
[EventCountry "DEN"]

1. e4 Nf6 2. Nc3 Nc6 3. Nf3 e5 4. Bc4 Bc5 5. d3 d6 6. h3 Bd7 7. Bg5 h6 8. Bh4
g5 9. Bg3 Qe7 10. Qd2 b6 11. Nd5 Qd8 12. c3 a6 13. b4 b5 14. bxc5 bxc4 15. cxd6
cxd6 16. h4 g4 17. Nxf6+ Qxf6 18. Nh2 Rb8 19. O-O cxd3 20. Qxd3 Bc8 21. Rab1
Rb7 22. Qxa6 Kd7 23. Rxb7+ Bxb7 24. Qxb7+ Kd8 25. Qxc6 Qe6 26. Rd1 Qxa2 27.
Qxd6+ Ke8 28. Qd8# 1-0

[Event "U-DM U14 2020"]
[Site "Odense"]
[Date "2020.11.22"]
[Round "4"]
[White "Burgaard, Kristian Gade"]
[Black "Andries, Alf"]
[Result "1/2-1/2"]
[WhiteElo "1700"]
[BlackElo "1645"]
[PlyCount "38"]
[EventDate "2020.11.??"]
[EventType "swiss"]
[EventRounds "5"]
[EventCountry "DEN"]

1. d4 Nf6 2. c4 e6 3. Nc3 Bb4 4. Qc2 d5 5. cxd5 exd5 6. Bg5 O-O 7. a3 Be7 8. e3
Nbd7 9. b4 c6 10. Bd3 Re8 11. Nf3 Nf8 12. h3 Ne4 13. Bf4 f5 14. O-O Ng6 15. Bh2
Bd6 16. b5 Bxh2+ 17. Kxh2 Qd6+ 18. Kg1 Bd7 19. bxc6 Bxc6 1/2-1/2

[Event "U-DM U14 2020"]
[Site "Odense"]
[Date "2020.11.22"]
[Round "4"]
[White "Iskos, Lukas"]
[Black "Loftgaard, Mikkel Vinh"]
[Result "1/2-1/2"]
[WhiteElo "1746"]
[BlackElo "1864"]
[PlyCount "53"]
[EventDate "2020.11.??"]
[EventType "swiss"]
[EventRounds "5"]
[EventCountry "DEN"]

1. e4 c5 2. Nc3 e6 3. Nge2 Nc6 4. g3 Nf6 5. Bg2 d5 6. exd5 exd5 7. d4 cxd4 8.
Nxd4 Be7 9. h3 O-O 10. O-O a6 11. Re1 Nxd4 12. Qxd4 Be6 13. Rd1 Rc8 14. Nxd5
Nxd5 15. Bxd5 Bxd5 16. Qxd5 Qxd5 17. Rxd5 Rxc2 18. Rd7 Bc5 19. Rd2 Rxd2 20.
Bxd2 Rd8 21. Bc3 Rd3 22. Re1 h6 23. Re8+ Kh7 24. Kg2 Rd7 25. Rc8 Ba7 26. Ra8
Bc5 27. Rc8 1/2-1/2

[Event "U-DM U14 2020"]
[Site "Odense"]
[Date "2020.11.22"]
[Round "4"]
[White "Wehding, Anton Bonsvig"]
[Black "Wahlgreen, Noah Krug"]
[Result "0-1"]
[WhiteElo "1390"]
[BlackElo "1905"]
[PlyCount "84"]
[EventDate "2020.11.??"]
[EventType "swiss"]
[EventRounds "5"]
[EventCountry "DEN"]

1. d4 c5 2. d5 Nf6 3. c4 d6 4. Nf3 g6 5. Nc3 Bf5 6. Bg5 Bg7 7. Qb3 Qc7 8. Nb5
Qd7 9. g3 O-O 10. Bg2 Ne4 11. O-O Na6 12. Bf4 Bh3 13. Nd2 Nxd2 14. Bxd2 Bxg2
15. Kxg2 e6 16. e4 e5 17. a3 Nb8 18. Qd3 a6 19. Nc3 Qe7 20. b4 Nd7 21. Be3 b6
22. Na4 f5 23. Rae1 f4 24. Bd2 f3+ 25. Kh1 g5 26. Qe3 h6 27. h3 Qf7 28. Kh2 Qh5
29. Rh1 Kf7 30. g4 Qh4 31. Qxf3+ Ke7 32. Qg3 Rxf2+ 33. Qg2 Rxg2+ 34. Kxg2 h5
35. Ref1 hxg4 36. Rf5 gxh3+ 37. Rxh3 Qxe4+ 38. Rff3 g4 39. Nc3 gxf3+ 40. Rxf3
Qxc4 41. Rg3 Kf7 42. Rf3+ Nf6 0-1

[Event "U-DM U14 2020"]
[Site "Odense"]
[Date "2020.11.22"]
[Round "4"]
[White "Veiergang, Oscar Jacob"]
[Black "Jarlskov, Daniel Tuk Hartso"]
[Result "1-0"]
[WhiteElo "1714"]
[BlackElo "1812"]
[PlyCount "102"]
[EventDate "2020.11.??"]
[EventType "swiss"]
[EventRounds "5"]
[EventCountry "DEN"]

1. e4 e5 2. f4 exf4 3. Nf3 d6 4. Bc4 Be6 5. Bxe6 fxe6 6. d4 Nc6 7. Bxf4 Nf6 8.
Nc3 Be7 9. Ng5 Qd7 10. d5 Nd8 11. O-O e5 12. Bd2 O-O 13. Qe2 h6 14. Nh3 Qg4 15.
Rxf6 Qxe2 16. Rxf8+ Bxf8 17. Nxe2 g6 18. Nc3 a6 19. Rf1 c5 20. Nf2 b5 21. Ng4
Nf7 22. a4 b4 23. Nd1 Kg7 24. Nde3 Be7 25. Nc4 Rd8 26. Na5 Rc8 27. Nc6 Bf8 28.
b3 h5 29. Nf2 Nd8 30. Nxd8 Rxd8 31. c3 bxc3 32. Bxc3 Rb8 33. Rb1 g5 34. Kf1 Be7
35. Ke2 Bd8 36. b4 cxb4 37. Rxb4 Rc8 38. Rb7+ Kf6 39. Kd3 a5 40. Nd1 g4 41. Ne3
Kg5 42. Nf5 Bc7 43. Ne7 Rb8 44. Rxb8 Bxb8 45. Nf5 Bc7 46. Bd2+ Kf6 47. Kc4 h4
48. Nxh4 Bb6 49. Nf5 Bg1 50. h3 gxh3 51. gxh3 Bc5 1-0

[Event "U-DM U14 2020"]
[Site "Odense"]
[Date "2020.11.22"]
[Round "4"]
[White "Heiberg, Clara"]
[Black "Pihl, William"]
[Result "0-1"]
[WhiteElo "1514"]
[BlackElo "1719"]
[PlyCount "96"]
[EventDate "2020.11.??"]
[EventType "swiss"]
[EventRounds "5"]
[EventCountry "DEN"]

1. e4 e5 2. d4 exd4 3. Nf3 Nc6 4. Bc4 Be7 5. c3 Nf6 6. e5 Ng4 7. cxd4 d5 8. Bb5
Be6 9. Qc2 Qd7 10. a3 Bf5 11. Qd1 Nh6 12. Nc3 Bg4 13. h3 Be6 14. Bg5 Bxg5 15.
Nxg5 Nf5 16. g4 Nfxd4 17. Qxd4 Nxd4 18. Bxd7+ Kxd7 19. Rd1 c5 20. O-O h6 21.
Nxe6 fxe6 22. Kg2 Rhf8 23. f4 b5 24. b4 cxb4 25. axb4 Nc2 26. Rf3 Nxb4 27. Rb1
a5 28. Nxb5 Rfb8 29. Nd4 Nc6 30. Rxb8 Rxb8 31. Nxc6 Kxc6 32. Ra3 Ra8 33. Kf3 g6
34. f5 gxf5 35. gxf5 exf5 36. Kf4 Kd7 37. Kxf5 Ke7 38. e6 Ra6 39. Ke5 Rxe6+ 40.
Kxd5 Ra6 41. Kc5 Kf6 42. Kb5 Ra8 43. Kb6 Kg5 44. Kb7 Rf8 45. Rxa5+ Rf5 46. Ra3
Kh4 47. Kc6 Rg5 48. Ra1 h5 0-1

[Event "U-DM U14 2020"]
[Site "Odense"]
[Date "2020.11.22"]
[Round "4"]
[White "Nielsen Refs, Karl Emil Elmer"]
[Black "Wehding, Laurits Bonsvig"]
[Result "1-0"]
[WhiteElo "1525"]
[BlackElo "1554"]
[PlyCount "163"]
[EventDate "2020.11.??"]
[EventType "swiss"]
[EventRounds "5"]
[EventCountry "DEN"]

1. d4 d5 2. Bf4 c5 3. e3 Nc6 4. Nf3 Nf6 5. Bd3 e6 6. c3 Nh5 7. Bg5 Qb6 8. Qb3
Qxb3 9. axb3 a6 10. dxc5 e5 11. e4 dxe4 12. Bxe4 f6 13. Bd2 Bxc5 14. b4 Bd6 15.
b5 Ne7 16. b4 f5 17. Bc2 Be6 18. O-O O-O 19. bxa6 Bc4 20. Rd1 bxa6 21. Na3 Be2
22. Re1 Bxf3 23. gxf3 Nc6 24. Nc4 Bc7 25. Ba4 Rf6 26. Bb3 Kf8 27. b5 Rb8 28.
bxc6 Rxb3 29. Rxa6 Re6 30. Ra8+ Rb8 31. Ra7 Rxc6 32. Nxe5 Bxe5 33. Rxe5 Rb1+
34. Kg2 Rg6+ 35. Kh3 Rd1 36. Rxf5+ Nf6 37. Bg5 Rd3 38. Bxf6 Rxf6 39. Rxf6+ gxf6
40. Kg2 Rxc3 41. Rxh7 Kg8 42. Rh4 Kg7 43. Rg4+ Kh6 44. Kg3 f5 45. Rf4 Kg6 46.
h4 Rc5 47. Ra4 Kh5 48. Ra8 Rc4 49. Rf8 Kg6 50. Rg8+ Kf6 51. Rg5 Ra4 52. f4 Rb4
53. h5 Rb8 54. Kh4 Rb5 55. Rg6+ Kf7 56. Kg5 Rb1 57. Kxf5 Rb2 58. f3 Ra2 59. Kg5
Ra3 60. Kg4 Ra4 61. Kg3 Ra5 62. Rg5 Ra1 63. Kg4 Ra4 64. Rf5+ Kg7 65. Kg5 Ra1
66. h6+ Kg8 67. Kg6 Rg1+ 68. Rg5 Ra1 69. f5 Kh8 70. f6 Rh1 71. Kf7 Rb1 72. Rd5
Kh7 73. Rd7 Re1 74. Re7 Rb1 75. Kf8+ Kxh6 76. f7 Kh7 77. f4 Rb4 78. Rd7 Rxf4
79. Ke8 Kh8 80. Re7 Rf3 81. Re2 Kg7 82. Rg2+ 1-0

[Event "U-DM U14 2020"]
[Site "Odense"]
[Date "2020.11.22"]
[Round "4"]
[White "Nielsen, Ture Jungberg"]
[Black "Skow, Mathias Waldemar Be"]
[Result "1-0"]
[WhiteElo "1758"]
[BlackElo "1275"]
[PlyCount "53"]
[EventDate "2020.11.??"]
[EventType "swiss"]
[EventRounds "5"]
[EventCountry "DEN"]

1. c4 e6 2. Nc3 d5 3. d4 Nf6 4. Bg5 Nbd7 5. Nf3 Be7 6. e3 O-O 7. Bd3 h6 8. Bh4
b6 9. O-O Bb7 10. cxd5 exd5 11. Bc2 Re8 12. Bg3 Ba6 13. Re1 c6 14. Ne5 Nxe5 15.
dxe5 Nd7 16. e4 dxe4 17. Bxe4 Rc8 18. Qg4 Bb4 19. Rad1 Bxc3 20. bxc3 Rc7 21.
Bf5 Re7 22. e6 Qc8 23. Bxc7 Qe8 24. exf7+ Kxf7 25. Rxe7+ Qxe7 26. Rxd7 Qxd7 27.
Bxd7 1-0

[Event "U-DM U14 2020"]
[Site "Odense"]
[Date "2020.11.22"]
[Round "4"]
[White "Villumsen, Christian Gyldendal"]
[Black "Skaelbaek, Noah"]
[Result "0-1"]
[WhiteElo "1200"]
[BlackElo "1466"]
[PlyCount "50"]
[EventDate "2020.11.??"]
[EventType "swiss"]
[EventRounds "5"]
[EventCountry "DEN"]

1. c4 c6 2. Nc3 Nf6 3. d3 d5 4. cxd5 cxd5 5. Nf3 Nc6 6. d4 Bf5 7. Bf4 Qb6 8. b3
Rc8 9. Rc1 e6 10. Na4 Qb4+ 11. Qd2 Qa3 12. Qb2 Qxb2 13. Nxb2 Ba3 14. Rxc6 Rxc6
15. Nd3 O-O 16. Nfe5 Rc2 17. Bd2 Ne4 18. Nf3 Rfc8 19. e3 Rxa2 20. h3 Rcc2 21.
Be2 Nxd2 22. Nxd2 Rxd2 23. Nf4 g5 24. Nh5 Rxe2+ 25. Kd1 Bd3 0-1

[Event "U-DM U14 2020"]
[Site "Odense"]
[Date "2020.11.22"]
[Round "4"]
[White "Skov, Emil"]
[Black "Voldsgaard, Nicholas"]
[Result "1-0"]
[WhiteElo "1038"]
[BlackElo "1032"]
[PlyCount "45"]
[EventDate "2020.11.??"]
[EventType "swiss"]
[EventRounds "5"]
[EventCountry "DEN"]

1. e4 e5 2. Nf3 Nc6 3. Bc4 Nf6 4. Ng5 d5 5. exd5 Nxd5 6. Nxf7 Qd7 7. Nxh8 Nf4
8. O-O Qd4 9. d3 Bc5 10. Nc3 Nh3+ 11. gxh3 Bxh3 12. Qh5+ g6 13. Bf7+ Kd8 14.
Qxh3 h6 15. Qe6 Ne7 16. Nxg6 c6 17. Bxh6 Nxg6 18. Bxg6 Kc7 19. Be3 Qh4 20. Bxc5
Rd8 21. Qxe5+ Kc8 22. Bf5+ Rd7 23. Qe8+ 1-0

[Event "U-DM U14 2020"]
[Site "Odense"]
[Date "2020.11.22"]
[Round "4"]
[White "Nielsen, Maja Merete F"]
[Black "Mai, Houng"]
[Result "0-1"]
[WhiteElo "1000"]
[BlackElo "1000"]
[PlyCount "42"]
[EventDate "2020.11.??"]
[EventType "swiss"]
[EventRounds "5"]
[EventCountry "DEN"]

1. e4 c5 2. Bc4 Nc6 3. Nc3 g6 4. Nf3 Bg7 5. d3 Nf6 6. g3 d6 7. Be3 Bg4 8. a3
Nd4 9. O-O Nxf3+ 10. Kg2 Nd4 11. Qb1 a6 12. Re1 Bf3+ 13. Kf1 Qd7 14. Rc1 Qh3+
15. Ke1 Bh5 16. Qa2 O-O 17. b4 b5 18. Bd5 Nxd5 19. Qxd5 Qg4 20. Kf1 Qf3 21. Re1
Qh1# 0-1

[Event "U-DM U14 2020"]
[Site "Odense"]
[Date "2020.11.22"]
[Round "5"]
[White "Wahlgreen, Noah Krug"]
[Black "Veiergang, Oscar Jacob"]
[Result "1/2-1/2"]
[WhiteElo "1905"]
[BlackElo "1714"]
[PlyCount "177"]
[EventDate "2020.11.??"]
[EventType "swiss"]
[EventRounds "5"]
[EventCountry "DEN"]

1. d4 Nf6 2. Nc3 d5 3. Bf4 a6 4. e3 Bf5 5. f3 e6 6. g4 Bg6 7. h4 h6 8. h5 Bh7
9. Bd3 Be7 10. Qd2 c5 11. Bxh7 Nxh7 12. Nge2 Bh4+ 13. Ng3 Ng5 14. Kf2 Bxg3+ 15.
Bxg3 Nc6 16. dxc5 d4 17. Ne2 Qf6 18. Bf4 e5 19. Bxg5 hxg5 20. Ng3 O-O-O 21. Ne4
Qe7 22. Nd6+ Kb8 23. e4 Rh6 24. b4 Rdh8 25. Nf5 Qf6 26. Nxh6 gxh6 27. Rhb1 d3
28. c3 Rd8 29. Rd1 Qe6 30. Qb2 Qe7 31. Ke3 Qf6 32. Qh2 Qf4+ 33. Qxf4 exf4+ 34.
Kf2 Ne5 35. Rd2 Nc4 36. Ke1 Nxd2 37. Kxd2 Kc7 38. c4 b6 39. cxb6+ Kxb6 40. Rd1
a5 41. b5 Rd4 42. Kc3 Kc5 43. Rxd3 Rxc4+ 44. Kb3 Rb4+ 45. Kc3 Ra4 46. Kb3 Rb4+
47. Kc2 Ra4 48. Kb2 Rb4+ 49. Ka3 Rc4 50. Rd5+ Kb6 51. Kb3 Rb4+ 52. Ka3 Rc4 53.
Rd6+ Kxb5 54. Rxh6 Rc3+ 55. Kb2 Rxf3 56. Rf6 Re3 57. Rxf7 Rxe4 58. Rf5+ Ka4 59.
Rxg5 f3 60. Rf5 Rxg4 61. Rxf3 Rh4 62. Rf5 Kb4 63. a3+ Ka4 64. Kc3 Rh3+ 65. Kd2
Rxa3 66. Rf4+ Kb5 67. Rh4 Rg3 68. h6 Rg8 69. Kc3 Kc5 70. Rh5+ Kd6 71. Rxa5 Ke6
72. Kd4 Kf6 73. Ke4 Rh8 74. Ra6+ Kg5 75. Ke5 Rxh6 76. Ra1 Rh4 77. Rg1+ Rg4 78.
Rf1 Rg2 79. Rf8 Re2+ 80. Kd4 Re7 81. Rg8+ Kf6 82. Rf8+ Kg7 83. Rf1 Kg8 84. Rf6
Kg7 85. Ra6 Kg8 86. Rg6+ Kf7 87. Rg1 Kf8 88. Kd5 Re2 89. Rf1+ 1/2-1/2

[Event "U-DM U14 2020"]
[Site "Odense"]
[Date "2020.11.22"]
[Round "5"]
[White "Loftgaard, Mikkel Vinh"]
[Black "Burgaard, Kristian Gade"]
[Result "1/2-1/2"]
[WhiteElo "1864"]
[BlackElo "1700"]
[PlyCount "98"]
[EventDate "2020.11.??"]
[EventType "swiss"]
[EventRounds "5"]
[EventCountry "DEN"]

1. e4 c5 2. c3 Nf6 3. e5 Nd5 4. d4 cxd4 5. cxd4 d6 6. exd6 Qxd6 7. Nc3 Nc6 8.
Nf3 Bg4 9. Be2 e6 10. Bg5 Be7 11. Bxe7 Ncxe7 12. Ne5 Bxe2 13. Qxe2 a6 14. O-O
O-O 15. Rfd1 Nxc3 16. bxc3 Rac8 17. Qb2 Qc7 18. Rac1 Nc6 19. Nc4 b5 20. Ne3 Na5
21. Qa3 Qb6 22. d5 Nc4 23. Nxc4 Rxc4 24. d6 Ra4 25. Qb3 Qc6 26. Rd3 Rd8 27.
Rcd1 Rc4 28. d7 Ra4 29. Rd6 Qc4 30. Qxc4 bxc4 31. Rc6 Kf8 32. Rd2 Ke7 33. Rc7
Ra3 34. Rxc4 Rxd7 35. Rcd4 Rxd4 36. cxd4 Kd6 37. Kf1 Kd5 38. Ke2 e5 39. dxe5+
Kxe5 40. f3 h6 41. Kd1 g5 42. Kc1 f6 43. Kb2 Ra5 44. Re2+ Kf5 45. Kc3 Rb5 46.
a4 Rb1 47. Kc4 Rb8 48. g3 a5 49. Ra2 Rb4+ 1/2-1/2

[Event "U-DM U14 2020"]
[Site "Odense"]
[Date "2020.11.22"]
[Round "5"]
[White "Andries, Alf"]
[Black "Iskos, Lukas"]
[Result "1/2-1/2"]
[WhiteElo "1645"]
[BlackElo "1746"]
[PlyCount "65"]
[EventDate "2020.11.??"]
[EventType "swiss"]
[EventRounds "5"]
[EventCountry "DEN"]

1. e4 e5 2. Nf3 Nc6 3. d4 exd4 4. Bc4 Nf6 5. O-O d6 6. Nxd4 Be7 7. Nc3 O-O 8.
Bf4 Ne5 9. Bb3 a6 10. Bxe5 dxe5 11. Nde2 b5 12. Ng3 Bb7 13. Qe2 c5 14. Rad1 Qc7
15. Bd5 Rfd8 16. Bxb7 Qxb7 17. Rxd8+ Rxd8 18. Rd1 Rxd1+ 19. Qxd1 g6 20. Nd5
Nxd5 21. exd5 f5 22. b3 Bd6 23. f3 c4 24. bxc4 bxc4 25. Ne2 Qb2 26. a4 c3 27.
Qc1 Bb4 28. Qd1 Qa3 29. g3 Qxa4 30. d6 Qd7 31. Qd5+ Kg7 32. Qxe5+ Kg8 33. Qd5+
1/2-1/2

[Event "U-DM U14 2020"]
[Site "Odense"]
[Date "2020.11.22"]
[Round "5"]
[White "Pihl, William"]
[Black "Nielsen Refs, Karl Emil Elmer"]
[Result "0-1"]
[WhiteElo "1719"]
[BlackElo "1525"]
[PlyCount "90"]
[EventDate "2020.11.??"]
[EventType "swiss"]
[EventRounds "5"]
[EventCountry "DEN"]

1. e4 c5 2. Nf3 d6 3. d4 cxd4 4. Nxd4 Nf6 5. Nc3 g6 6. Be3 Bg7 7. Be2 O-O 8.
Qd2 Nc6 9. h3 d5 10. exd5 Nxd5 11. Nxd5 Qxd5 12. Bf3 Qe5 13. c3 Nxd4 14. Qxd4
Qxd4 15. Bxd4 Bxd4 16. cxd4 Rb8 17. O-O b6 18. Rfe1 e6 19. Rad1 Bb7 20. Bxb7
Rxb7 21. d5 exd5 22. Rxd5 Rc7 23. Re2 Rfc8 24. Red2 Kg7 25. f3 Rc2 26. Rd7 Rxd2
27. Rxd2 Rc7 28. Kf2 h5 29. Ke3 Kf6 30. Rd6+ Ke7 31. Rd2 Ke6 32. a4 Rc4 33. b3
Rc3+ 34. Rd3 Rxd3+ 35. Kxd3 Kd5 36. g4 f5 37. gxh5 gxh5 38. f4 h4 39. b4 a6 40.
a5 b5 41. Kd2 Kd4 42. Kd1 Kc4 43. Kd2 Kxb4 44. Kd3 Kc5 45. Kc3 b4+ 0-1

[Event "U-DM U14 2020"]
[Site "Odense"]
[Date "2020.11.22"]
[Round "5"]
[White "Jarlskov, Daniel Tuk Hartso"]
[Black "Skaelbaek, Noah"]
[Result "1/2-1/2"]
[WhiteElo "1812"]
[BlackElo "1466"]
[PlyCount "108"]
[EventDate "2020.11.??"]
[EventType "swiss"]
[EventRounds "5"]
[EventCountry "DEN"]

1. c4 c6 2. d4 d5 3. Nc3 Nf6 4. Bf4 e6 5. e3 Nbd7 6. Bd3 Be7 7. Nf3 O-O 8. O-O
Nh5 9. Bg3 Nxg3 10. hxg3 Bd6 11. Rc1 Re8 12. e4 dxe4 13. Nxe4 Bc7 14. Rc3 e5
15. Qc2 exd4 16. Nxd4 Ne5 17. Nf3 Nxd3 18. Rxd3 Qe7 19. Re1 Bf5 20. Rde3 Qd7
21. Qe2 Bxe4 22. Rxe4 Rxe4 23. Qxe4 h6 24. Qe7 Rd8 25. b4 Bd6 26. Qxd7 Rxd7 27.
Rd1 Rd8 28. Ne5 f6 29. Ng4 Be7 30. Rxd8+ Bxd8 31. Kf1 c5 32. b5 Kf7 33. Ke2 Ke6
34. Kd3 f5 35. Ne3 a6 36. bxa6 bxa6 37. g4 fxg4 38. Nxg4 h5 39. Ne3 Ke5 40. Nd1
g5 41. f3 g4 42. fxg4 hxg4 43. Nf2 Kf4 44. Nxg4 Kxg4 45. Ke4 Ba5 46. a3 Bc3 47.
Kd5 Bd4 48. Kc6 a5 49. Kb5 Bb2 50. a4 Bc3 51. Kxc5 Kf5 52. Kb6 Ke6 53. c5 Bd4
54. Kxa5 Bxc5 1/2-1/2

[Event "U-DM U14 2020"]
[Site "Odense"]
[Date "2020.11.22"]
[Round "5"]
[White "Wehding, Anton Bonsvig"]
[Black "Nielsen, Ture Jungberg"]
[Result "1-0"]
[WhiteElo "1390"]
[BlackElo "1758"]
[PlyCount "47"]
[EventDate "2020.11.??"]
[EventType "swiss"]
[EventRounds "5"]
[EventCountry "DEN"]

1. d4 Nf6 2. c4 g6 3. Nc3 d5 4. cxd5 Nxd5 5. Nf3 Bg7 6. e4 Nxc3 7. bxc3 c5 8.
Bb5+ Bd7 9. Bxd7+ Qxd7 10. O-O Nc6 11. e5 O-O 12. Re1 cxd4 13. cxd4 Rfd8 14.
Bb2 e6 15. Qb3 Rac8 16. Rac1 Na5 17. Qb4 Qd5 18. Qe7 Qxa2 19. Ng5 Qxb2 20.
Qxf7+ Kh8 21. Nxe6 Bh6 22. Nxd8 Qxc1 23. Qe8+ Kg7 24. Ne6# 1-0

[Event "U-DM U14 2020"]
[Site "Odense"]
[Date "2020.11.22"]
[Round "5"]
[White "Wehding, Laurits Bonsvig"]
[Black "Skov, Emil"]
[Result "1-0"]
[WhiteElo "1554"]
[BlackElo "1038"]
[PlyCount "59"]
[EventDate "2020.11.??"]
[EventType "swiss"]
[EventRounds "5"]
[EventCountry "DEN"]

1. e4 c5 2. Nf3 Nc6 3. d4 cxd4 4. Nxd4 Nf6 5. Nc3 g6 6. Nxc6 bxc6 7. e5 Ng8 8.
Bd3 e6 9. O-O Ne7 10. Ne4 Nd5 11. c4 f5 12. Bg5 Qc7 13. Nd6+ Bxd6 14. exd6 Qxd6
15. cxd5 cxd5 16. Rc1 h6 17. Bf6 Rf8 18. Bg7 Rg8 19. Bxh6 Rh8 20. Qd2 Rb8 21.
Bf4 e5 22. Rfe1 Kf7 23. Bxe5 Qf8 24. Bxb8 Bb7 25. Be5 Rh7 26. Rc7 Bc6 27. Bb5
Kg8 28. Bxc6 dxc6 29. Rxc6 Qa8 30. Qxd5+ 1-0

[Event "U-DM U14 2020"]
[Site "Odense"]
[Date "2020.11.22"]
[Round "5"]
[White "Mai, Houng"]
[Black "Heiberg, Clara"]
[Result "0-1"]
[WhiteElo "1000"]
[BlackElo "1514"]
[PlyCount "80"]
[EventDate "2020.11.??"]
[EventType "swiss"]
[EventRounds "5"]
[EventCountry "DEN"]

1. e4 c5 2. Nf3 d6 3. Nc3 Nc6 4. Bc4 g6 5. d3 Bg7 6. h3 Nf6 7. O-O O-O 8. Bg5
Bd7 9. a3 a6 10. Rb1 b5 11. Bxf6 Bxf6 12. Bd5 e6 13. Bxc6 Bxc6 14. Qd2 Bg7 15.
Qe3 Rc8 16. Ne2 Qd7 17. c3 Rfe8 18. Rfe1 Bb7 19. Rbc1 d5 20. Red1 Qe7 21. b4
cxb4 22. axb4 dxe4 23. dxe4 Rc7 24. Rd3 Rec8 25. Nfd4 Rc4 26. f3 Be5 27. Kf2
Qh4+ 28. g3 Qe7 29. f4 Bb8 30. Nb3 Ba8 31. Ned4 Ba7 32. Ke2 e5 33. fxe5 Qxe5
34. Kf3 f5 35. Ke2 Bxe4 36. Rd2 Re8 37. Kf2 Bb7 38. Re2 Qe4 39. Qd2 Qg2+ 40.
Ke1 Qg1# 0-1

[Event "U-DM U14 2020"]
[Site "Odense"]
[Date "2020.11.22"]
[Round "5"]
[White "Skow, Mathias Waldemar Be"]
[Black "Voldsgaard, Nicholas"]
[Result "0-1"]
[WhiteElo "1275"]
[BlackElo "1032"]
[PlyCount "110"]
[EventDate "2020.11.??"]
[EventType "swiss"]
[EventRounds "5"]
[EventCountry "DEN"]

1. d4 c5 2. d5 e5 3. c4 Nf6 4. Nc3 e4 5. Qc2 Qe7 6. Bg5 d6 7. Nxe4 Qxe4 8.
Qxe4+ Nxe4 9. Bf4 h6 10. f3 Nf6 11. e4 Be7 12. Ne2 O-O 13. Nc3 a6 14. Be2 Nbd7
15. a3 Nh5 16. Be3 Nb6 17. b4 Bd7 18. O-O Rab8 19. Na2 Na4 20. Rfb1 b5 21. Rb3
Nb6 22. bxc5 dxc5 23. cxb5 Bxb5 24. Bxb5 axb5 25. Rxb5 Nc4 26. Rxb8 Rxb8 27.
Bc1 Bf6 28. Nc3 Bxc3 29. Ra2 Bb2 30. Bxb2 Rxb2 31. Rxb2 Nxb2 32. d6 Kf8 33. Kf2
c4 34. Ke2 c3 35. g3 g6 36. Ke1 f6 37. f4 g5 38. f5 Ke8 39. g4 Nf4 40. e5 fxe5
41. f6 Ne6 42. Ke2 Kd7 43. h4 gxh4 44. a4 Kxd6 45. a5 Nc5 46. f7 Ke7 47. a6
Nxa6 48. g5 hxg5 49. Ke3 Kxf7 50. Ke4 c2 51. Kf3 c1=Q 52. Kg4 Qf4+ 53. Kh5 Qf3+
54. Kh6 Qg4 55. Kh7 Qh5# 0-1

[Event "U-DM U14 2020"]
[Site "Odense"]
[Date "2020.11.22"]
[Round "5"]
[White "Nielsen, Maja Merete F"]
[Black "Villumsen, Christian Gyldendal"]
[Result "0-1"]
[WhiteElo "1000"]
[BlackElo "1200"]
[PlyCount "26"]
[EventDate "2020.11.??"]
[EventType "swiss"]
[EventRounds "5"]
[EventCountry "DEN"]

1. g3 e5 2. Nf3 Nc6 3. Nc3 Nf6 4. d3 d5 5. e4 d4 6. Ne2 Bg4 7. Nfg1 Bd6 8. f3
Be6 9. Bd2 O-O 10. c4 Nb4 11. Qb3 a5 12. a3 a4 13. Qd1 Nxd3# 0-1